MARC details
| 000 -CABECERA |
| campo de control de longitud fija |
02016cam a2200301 a 4500 |
| 001 - NÚMERO DE CONTROL |
| campo de control |
000006516 |
| 005 - FECHA Y HORA DE LA ÚLTIMA TRANSACCIÓN |
| campo de control |
20200929153938.0 |
| 008 - DATOS DE LONGITUD FIJA--INFORMACIÓN GENERAL |
| campo de control de longitud fija |
870718k19641967ck a b 000 0dspa |
| 040 ## - FUENTE DE LA CATALOGACIÓN |
| Centro catalogador/agencia de origen |
DO-SdBNP |
| Lengua de catalogación |
spa |
| Centro/agencia transcriptor |
BNPHU |
| 082 ## - NÚMERO DE LA CLASIFICACIÓN DECIMAL DEWEY |
| Número de clasificación |
986.1 |
| Número de documento/Ítem |
A168h |
| 110 1# - ENTRADA PRINCIPAL--NOMBRE DE ENTIDAD CORPORATIVA |
| Nombre de entidad corporativa o nombre de jurisdicción como elemento de entrada |
Academia Colombiana de Historia |
| 9 (RLIN) |
18067 |
| 245 10 - MENCIÓN DE TÍTULO |
| Título |
Historia extensa de Colombia. |
| 260 ## - PUBLICACIÓN, DISTRIBUCIÓN, ETC. |
| Lugar de publicación, distribución, etc. |
Bogotá : |
| Nombre del editor, distribuidor, etc. |
Lerner, |
| Fecha de publicación, distribución, etc. |
1964-1967. |
| 300 ## - DESCRIPCIÓN FÍSICA |
| Extensión |
v. : |
| Otras características físicas |
il. ; |
| Dimensiones |
25 cm. |
| 504 ## - NOTA DE BIBLIOGRAFÍA, ETC. |
| Nota de bibliografía, etc. |
Incluye bibliografía. |
| 500 ## - NOTA GENERAL |
| Nota general |
La biblioteca posee los volúmenes 1,3,5,6,14 y 20. |
| 505 0# - NOTA DE CONTENIDO CON FORMATO |
| Información miscelánea |
v. 1. |
| Título |
Prehistoria -- |
| Información miscelánea |
t. 3. |
| Título |
Lenguas y dialecto indígenas de Colombia / |
| Mención de responsabilidad |
Sergio Elías Ortiz -- |
| Información miscelánea |
v. 3. |
| Título |
Nuevo reino de Granada. Real Audiencia y Presidentes -- |
| Información miscelánea |
t. 2. |
| Título |
Presidentes de capa y espada: (1628-1654) / |
| Mención de responsabilidad |
Manuel Lucena Salmoral -- |
| Información miscelánea |
t. 4. |
| Título |
Presidentes de capa y espada: (1654-1719) / |
| Mención de responsabilidad |
Sergio Elías Ortiz -- |
| Información miscelánea |
v. 5. |
| Título |
La primera república / |
| Mención de responsabilidad |
Manuel José Forero -- |
| Información miscelánea |
v. 6. |
| Título |
La reconquista española |
| Información miscelánea |
t. 1 |
| Título |
Invasión pacificadora. Régimen del terror. Mártires, conspiradores y guerrilleros (1815-1817) / |
| Mención de responsabilidad |
Oswaldo Díaz Díaz -- |
| Información miscelánea |
t. 2. |
| Título |
Contribución de las guerrillas a la campaña libertadora 1817-1819 / |
| Mención de responsabilidad |
Oswaldo Díaz Díaz -- |
| Información miscelánea |
v.10. |
| Título |
República de Colombia |
| Información miscelánea |
t.1 |
| Título |
1885-1895 / |
| Mención de responsabilidad |
Luis Martínez Delgado -- |
| Información miscelánea |
v. 14. |
| Título |
La legislación y el derecho en Colombia: sinopsis histórica desde la conquista hasta el presente / |
| Mención de responsabilidad |
Miguel Aguilera -- |
| Información miscelánea |
v. 20. |
| Título |
Las artes en Colombia |
| Información miscelánea |
t. 4. |
| Título |
La arquitectura colonial / |
| Mención de responsabilidad |
Carlos Arbeláez Camacho y Santiago Sebastían López -- |
| Información miscelánea |
t. 6. |
| Título |
La cultura musical en Colombia / |
| Mención de responsabilidad |
Andrés Pardo Tovar. |
| 651 #4 - PUNTO DE ACCESO ADICIONAL DE MATERIA--NOMBRE GEOGRÁFICO |
| Nombre geográfico |
Colombia |
| Subdivisión general |
Historia |
| 9 (RLIN) |
18037 |
| 651 #4 - PUNTO DE ACCESO ADICIONAL DE MATERIA--NOMBRE GEOGRÁFICO |
| Nombre geográfico |
Colombia |
| Subdivisión general |
Civilización |
| 9 (RLIN) |
18068 |
| 700 1# - PUNTO DE ACCESO ADICIONAL--NOMBRE DE PERSONA |
| Nombre de persona |
Ortiz, Sergio Elías |
| 9 (RLIN) |
18069 |
| 700 1# - PUNTO DE ACCESO ADICIONAL--NOMBRE DE PERSONA |
| Nombre de persona |
Lucena Salmoral, Manuel |
| 9 (RLIN) |
18070 |
| 700 1# - PUNTO DE ACCESO ADICIONAL--NOMBRE DE PERSONA |
| Nombre de persona |
Díaz Díaz, Oswaldo |
| 9 (RLIN) |
18071 |
| 700 1# - PUNTO DE ACCESO ADICIONAL--NOMBRE DE PERSONA |
| Nombre de persona |
Forero, Manuel José |
| 9 (RLIN) |
18072 |
| 700 1# - PUNTO DE ACCESO ADICIONAL--NOMBRE DE PERSONA |
| Nombre de persona |
Aguilera, Miguel |
| 9 (RLIN) |
18073 |
| 700 1# - PUNTO DE ACCESO ADICIONAL--NOMBRE DE PERSONA |
| Nombre de persona |
Arbeláez Camacho, Carlos |
| 9 (RLIN) |
18074 |
| 700 1# - PUNTO DE ACCESO ADICIONAL--NOMBRE DE PERSONA |
| Nombre de persona |
Martínez Delgado, Luis |
| 9 (RLIN) |
18075 |
| 700 1# - PUNTO DE ACCESO ADICIONAL--NOMBRE DE PERSONA |
| Nombre de persona |
López, Santiago Sebastián |
| 9 (RLIN) |
18076 |